MARC

LEADER 00000nam0a2200000 4500
001 285146
005 20231101235751.0
020 |a RU  |b 85-22732 
035 |a (RuTPU)RU\TPU\book\309351 
090 |a 285146 
100 |a 20150220d1985 km y0rusy5003 ca 
101 0 |a rus 
102 |a RU 
105 |a a z 001zy 
200 1 |a Вакуумные дуговые печи  |f Л. А. Волохонский 
210 |a Москва  |c Энергоатомиздат  |d 1985 
215 |a 232 с.  |c ил. 
320 |a Библиогр.: с. 227-230 
606 1 |a Дуговые печи,вакуумные  |2 stltpush  |3 (RuTPU)RU\TPU\subj\10231  |9 37343 
610 1 |a электрические печи вакуумные 
610 1 |a конструкции 
610 1 |a рабочий процесс 
610 1 |a тепловые процессы 
610 1 |a энергетический баланс 
610 1 |a электрические параметры 
610 1 |a расчет 
610 1 |a расчет 
610 1 |a кристаллизаторы 
610 1 |a тигли 
610 1 |a эксплуатация 
610 1 |a источники питания 
675 |a 621.365.2  |z rus  |v 3 
700 1 |a Волохонский  |b Л. А.  |g Лев Аврамович  |4 070 
801 0 |a RU  |b RuMRKP  |c 19950704  |g psbo 
801 1 |a RU  |b 63413507  |c 20150220 
801 2 |a RU  |b 63413507  |c 20171201  |g RCR 
942 |c BK